000 00641nam a2200217 4500
003 OSt
005 20240611005836.0
006 a
008 240611b |||||||| |||| 00| 0 eng d
020 _a0736040129
040 _aDWCL-Main lib.
_cOC
082 _2third edition
_aCirc. 796.071273 M377s 2004
100 _aMartens, Rainer
245 _aSuccessful coaching /
250 _athird edition
260 _aHongkong :
_bHuman Kinetics,
_cc2004.
300 _aix,
_b509 p. : ill. col. ;
_c28 cm.
650 _a1. School sports – Coaching – United States.
700 _aRainer Martens
942 _2ddc
_n0
_cBK-CIRC
_ethird edition
_kCirc.
999 _c497
_d497